000 00826nam a2200253Ia 4500
008 160319s9999 xx 000 0 und d
020 _a978-971-27-2125-0
050 _aFIL GE 160,P5
050 _b.G35 2009
100 _aGalang, Angelina P.
245 4 _aThe Philippine environment in the ecozoic age :
245 _bprinciples of environmental science in the Philippine setting /
245 _cAngelina P. Galang.
260 _aPasig City:
260 _bAnvil Pub. Inc.,
260 _c2009
300 _a227 pages :
300 _billustrations (some color) ;
300 _c25 cm.
500 _aincludes bibliographical references and index.
650 _aEnvironmental policy -- Philippines.
650 _aPhilippines -- Environmental conditions.
650 _xEnvironmental protection -- Philippines.
999 _c291601
_d291601